000 00887nam a2200229 a 4500
001 41320
003 BD-RjUL
005 20211209053351.0
008 160528s2009 bg a|||| |||| 00| 0 ben d
020 _a9847005901507
_c: TK 280.00
035 _a(BD-RjUL)41437
040 _aBD-RjUL
_bben
_cBD-RjUL
041 _aben
082 _223
_bCHN 2009
_a070.92
100 _aচৌধু্রী, রব্বানী
_9119566
245 1 0 _aনব্বই দশকে বিলেতে বাংলাদেশি সাংবাদিক /
_cরব্বানী চৌধু্রী
260 _aঢাকা :
_bউৎস প্রকাশন,
_c২০০৯
300 _a২২৬ পৃ. :
_bচিত্র ;
_c২১ সেমি.
650 _aJournalists
_xBiography.
_9124596
650 _aসাংবাদিক
_xজীবনী
_9122450
942 _2ddc
_cBK
999 _c41320
_d41320